Mathematical methods for scientists and engineers / (Record no. 175247)
[ view plain ]
| 000 -LEADER | |
|---|---|
| fixed length control field | 01268 a2200193 4500 |
| 003 - CONTROL NUMBER IDENTIFIER | |
| control field | Nust |
| 005 - DATE AND TIME OF LATEST TRANSACTION | |
| control field | 20220728141546.0 |
| 010 ## - LIBRARY OF CONGRESS CONTROL NUMBER | |
| LC control number | 2003043448 |
| 020 ## - INTERNATIONAL STANDARD BOOK NUMBER | |
| International Standard Book Number | 1891389246 (acid-free paper) |
| 040 ## - CATALOGING SOURCE | |
| Transcribing agency | Nust |
| 082 00 - DEWEY DECIMAL CLASSIFICATION NUMBER | |
| Classification number | 510,MCQ |
| 100 1# - MAIN ENTRY--PERSONAL NAME | |
| Personal name | McQuarrie, Donald A. |
| 9 (RLIN) | 61641 |
| 245 10 - TITLE STATEMENT | |
| Title | Mathematical methods for scientists and engineers / |
| Statement of responsibility, etc. | Donald A. McQuarrie. |
| 260 ## - PUBLICATION, DISTRIBUTION, ETC. | |
| Place of publication, distribution, etc. | Sausalito, Calif. : |
| Name of publisher, distributor, etc. | University Science Books, |
| Date of publication, distribution, etc. | c2003. |
| 300 ## - PHYSICAL DESCRIPTION | |
| Extent | xiii, 1161 p. : |
| Other physical details | col. ill. ; |
| Dimensions | 25 cm. |
| 505 ## - FORMATTED CONTENTS NOTE | |
| Formatted contents note | Function of a Signal Variable (Page-1), Infinite Series (Page-63),Function Defined as Integrals (Page-115), Complex Numbers and Complex Functions (Page-159), Vectors (Page-191), Functions of Several Variables (Page-231)Vector Calculus (Page-301) Curvilinear Coordinates (Page-349)Linear Algebra Vector Space (Page-197), Matrices and Eigenvalue Problems (Page-455),Ordinary Differential Equations (Page-515),Series Solutions of Differential Equations (Page-575), Qualitative Methods for Nonlinear Differential Equations (Page-625), Functions of a Complex Variable : Applications (Page-921),Calculus of Variations (Page-985), Probability Theory and Stochastic Process (Page-1023),Mathematical Statistics (Page-1075). |
| Miscellaneous information | |
| 650 #0 - SUBJECT ADDED ENTRY--TOPICAL TERM | |
| Topical term or geographic name entry element | Mathematics. |
| 942 ## - ADDED ENTRY ELEMENTS (KOHA) | |
| Koha item type | Reference |
| Source of classification or shelving scheme | |
| Withdrawn status | Lost status | Source of classification or shelving scheme | Damaged status | Not for loan | Permanent Location | Current Location | Shelving location | Date acquired | Full call number | Barcode | Date last seen | Price effective from | Koha item type | Public note |
|---|---|---|---|---|---|---|---|---|---|---|---|---|---|---|
| Military College of Signals (MCS) | Military College of Signals (MCS) | Reference | 12/12/2016 | 510,MCQ | MCS31189 | 12/08/2016 | 12/12/2016 | Reference | Almirah No.19, Shelf No.2 |
